Music Quiz

Random Music or Song Quiz

Guess 20 K-pop songs (using audio) Quiz Stats

 Plays Quiz not verified by Sporcle

Challenge
Share
Tweet
Score 0/20 Timer 10:00
0 Plays Today
Time Song % Correct
0:21 - 0:30Break Down
86.2%
0:00 - 0:10I'm Sorry
83.6%
2:55 - 3:05I Got A Boy
74.2%
2:45 - 2:54I Yah
55%
3:16 - 3:26Rain Sound
53.5%
2:35 - 2:44Special Girl
51.9%
0:51 - 1:01Without You
45.3%
1:02 - 1:1124|7
42%
2:14 - 2:23Mine
39.6%
1:12 - 1:21Disturbance
34.9%
Time Song % Correct
1:43 - 1:52Get Out
24.3%
0:31 - 0:40 What Are You Doing Today?
19.3%
0:41 - 0:50Everything Is Pretty
18%
1:53 - 2:03Just That Little Thing
14.2%
0:11 - 0:20Oh! Dance
11%
1:22 - 1:32I'm Not OK
8%
2:24 - 2:34Like Cho Yong Pil
7.7%
1:33 - 1:42Clear Day, Cloudy Day
6.1%
2:04 - 2:13Even If You Play
4.7%
3:06 - 3:15A Year Ago
4.1%

You're not logged in!

Compare scores with friends on all Sporcle quizzes.
OR
Log In

You Might Also Like...

Show Comments

Extras

Top Quizzes Today


Score Distribution

Your Account Isn't Verified!

In order to create a playlist on Sporcle, you need to verify the email address you used during registration. Go to your Sporcle Settings to finish the process.

Report this User

Report this user for behavior that violates our Community Guidelines.

Details: